Les joueurs passés par le FC Barcelone et le Réal Madrid - Statistiques

Statistiques générales
  • Ce quiz a été pris 1 134 fois
  • Le résultat moyen est 5 sur 14
Statistiques - réponses
Parcours Nationalité Réponse % Correct
FC Barcelone : 1995-2000 Real Madrid : 2000-2005 Portugal Luis Figo
93%
FC Barcelone : 1996-1997Real Madrid : 2002-2007 Brésil Ronaldo
91%
Real Madrid : 1997-2000 FC Barcelone : 2004-2009 Cameroun Samuel Eto'o
88%
FC Barcelone : 1953 Real Madrid; 1953 - 1964 Argentine/Espagne Alfredo Di Stefano
45%
FC Barcelone : 1989-1994 Real Madrid : 1994-1996 Danemark Michael Laudrup
39%
Real Madrid : 1990-1992 FC Barcelone : 1994-1996 Roumanie Gheorghe Hagi
38%
Real Madrid : 1992-1996 FC Barcelone : 1996-2004 Espagne Luis Enrique
36%
FC Barcelone : 2001-2007Réal Madrid : 2007-2009 Argentine/Espagne Javier Saviola
13%
FC Barcelone :1980-1988 Real Madrid : 1988-1990 Allemagne Bernd Schuster
9%
Real Madrid : 1991-1994 FC Barcelone : 1995-1996 Croatie Robert Prosinečki
4%
FC Barcelone : 1995-1999 Real Madrid : 2000-2003 Espagne Albert Celades
3%
Real Madrid : 1989-1991 FC Barcelone : 1994-1997 Espagne Julen Lopetegui
2%
FC Barcelone : 1984-1990 Real Madrid : 1990-1997 Espagne Luis Milla
2%
FC Barcelone : 1988-1991 puis 1992-1993 Real Madrid : 1995-1996 Espagne Miquel Soler
2%
Aucun quiz correspondant
Distribution des résultats
% des personnes avec chaque résultat
Percentile par nombre de réponses
Votre historique - résultats
Vous n’avez pas pris ce quiz